| 000 | 01161cam a2200241 4500 | ||
|---|---|---|---|
| 001 | WB@3612-817 | ||
| 008 | 040922n2004 000 0 eng u | ||
| 035 | _a(Sirsi) u127489 | ||
| 245 | _aLet land market down | ||
| 260 | _c2004 | ||
| 490 |
_aFarmers' Weekly _v141(12) 17-23 September 2004, 20(1) |
||
| 520 | _aAccording to the "2003 tenanted farms survey", carried out by the Central Association of Agricultural Valuers, there was a decline in all levels of activity in both England and Wales. There was less fresh land let than in any year since farm business tenancies were introduced in 1995, partly due to uncertainty over the latest round of CAP reform. Tenants perceived to be new entrants took 9% of the new lettings, up from 6% in 2002. The area let on new farm business tenancies declined from 188 000 acres in 2002 to 146 000 in 2003. | ||
| 590 | _aWB | ||
| 590 | _aWB | ||
| 650 | _aAGRICULTURAL HOLDINGS | ||
| 650 | _aPROPERTY-LANDLORD AND TENANT-TENANCIES-AGRICULTURAL TENANCIES | ||
| 650 | _aTENANTED FARMLAND | ||
| 650 | _aTENANTED FARMS | ||
| 650 | _aINVESTMENT | ||
| 650 | _aSURVEYS | ||
| 690 | _aRURAL-MARKET | ||
| 942 | _n0 | ||
| 999 |
_c118032 _d118032 |
||